| 000 | 00430nam a2200169Ia 4500 | ||
|---|---|---|---|
| 005 | 20250326130755.0 | ||
| 008 | 250326s9999 xx 000 0 und d | ||
| 037 | _aAnnuals, Advances | ||
| 040 |
_aFMSL _beng _cFMSL |
||
| 041 |
_aeng _2eng |
||
| 084 | _qFMSL | ||
| 100 |
_aWAYUDI _9741311 |
||
| 245 | 0 |
_aRisk management for islamic banks _cWAYUDI |
|
| 365 | _b3968.65 | ||
| 942 | _cTB | ||
| 999 |
_c1284038 _d1284038 |
||